The English Ars Moriendi (Record no. 585871)

MARC details
000 -LEADER
fixed length control field 00429nam a2200157 a 4500
008 - FIXED-LENGTH DATA ELEMENTS--GENERAL INFORMATION
fixed length control field 250906s1991##################000#0#eng##
020 ## - INTERNATIONAL STANDARD BOOK NUMBER
ISBN 9780820419039
Paper back/Hardbound hbk
082 04 - DEWEY DECIMAL CLASSIFICATION NUMBER
Classification number 128.5
Item number ATK.5
100 1# - MAIN ENTRY--AUTHOR NAME
Personal name Atkinson, David W
245 10 - TITLE STATEMENT
Title The English Ars Moriendi
Statement of responsibility, etc David W Atkinson
260 ## - PUBLICATION, DISTRIBUTION, ETC. (IMPRINT)
Name of publisher Peter Lang
Year of publication 1992
Place of publication New York
300 ## - PHYSICAL DESCRIPTION
Number of Pages 387 p.
Dimensions 24 cm.
650 #0 - SUBJECT ADDED ENTRY--TOPICAL TERM
Topical Term Literature ; Death
942 ## - ADDED ENTRY ELEMENTS (KOHA)
Koha item type English Books
Holdings
Withdrawn status Lost status Damaged status Not for loan Home library Current library Shelving location Date acquired Full call number Accession Number Price effective from Koha item type
        Anna Centenary Library Anna Centenary Library 3RD FLOOR, A WING 08.09.2025 128.5 ATK.5 215023 08.09.2025 English Books

Find us on the map